Statistics for Yes Minister Characters

Click here to take the quiz!

General Stats

  • This quiz has been taken 4 times
  • The average score is 8 of 10

Answer Stats

RolePortrayed byAnswer% Correct
Wife of the Minister for Administrative AffairsDiana HoddinottAnnie Hacker
100%
Minister for Administrative Affairs, later Prime MinisterPaul EddingtonJames "Jim" Hacker
100%
Cabinet Secretary,
later President of the Campaign for Freedom of Information,
Chairman of the Banque Occidentale,
Director of IBM,
Director of British Petroleum,
Chairman of the Opera House Trust,
Chancellor of Oxford,
Deputy Chairman of the Bank of England,
Head of the Security Comission
President of the Anglo-Caribbean Association
Secretary General of the Commonwealth
John NettletonSir Arnold Robinson
100%
Permanent Secretary, later Cabinet SecretaryNigel HawthorneSir Humphrey Appleby
100%
Principal Private SecretaryDerek FowldsBernard Woolley
75%
Political Advisor to the Minister for Administrative AffairsNeil FitzwiliamFrank Weisel
75%
Daughter of the Minister for Administrative AffairsGerry CowperLucy Hacker
75%
Chairman at Bartlett's Bank, later Governor of the Bank of EnglandRichard VernonSir Desmond Glazebrook
75%
Only Female Special Advisor to the Prime MinisterDeborah NortonDorothy Wainwright
50%
Permanent Secretary to the TreasuryPeter CellierSir Frank Gordon
50%

Score Distribution

Percentile by Number Answered

Percent of People with Each Score

Your Score History

You have not taken this quiz